000 00393nam a2200157Ia 4500
008 230917s9999||||xx |||||||||||||| ||und||
040 _e123376
_aMAIN
041 _aEnglish
082 _a005.1 H874S(6)
100 _aHughes, Bob
245 0 _aSoftware Project Management
250 _a6th ed.
260 _aChennai
_bMcGraw Hill Education (India)
_c2019
300 _a454 p.
942 _cBK
999 _c147622
_d147622